Can You Name the Top 100 Best TV Shows of All Time? - Statistics

General Stats
  • This quiz has been taken 180 times
  • The average score is 13 of 100
Answer Stats
Rank Show % Correct
49 Friends
78%
3 Breaking Bad
72%
31 Game of Thrones
63%
34 | 53 The Office
51%
2 The Simpsons
50%
1 The Sopranos
50%
6 Seinfeld
44%
32 Better Call Saul
37%
4 The Wire
35%
35 Lost
33%
8 Cheers
30%
36 I Love Lucy
27%
75 Frasier
25%
7 Mad Men
25%
64 The Golden Girls
25%
54 ER
24%
63 South Park
24%
18 Saturday Night Live
23%
25 Mash
22%
30 Parks and Recreation
21%
78 Sex and the City
20%
22 Star Trek
20%
51 The X-Files
19%
21 All In The Family
18%
85 Orange is the New Black
18%
16 Twin Peaks
18%
37 Arrested Development
16%
81 It's Always Sunny in Philadelphia
16%
12 The Twilight Zone
16%
96 Rick and Morty
15%
99 Oz
14%
46 The West Wing
14%
41 BoJack Horseman
13%
73 Buffy the Vampire Slayer
12%
58 Six Feet Under
12%
20 30 Rock
11%
80 Band of Brothers
11%
26 Sesame Street
11%
88 The Crown
11%
10 The Mary Tyler Moore Show
11%
56 Community
10%
39 Curb Your Enthusiasm
10%
11 Succession
10%
74 The Honeymooners
10%
60 Taxi
8%
62 The Dick Van Dyke Show
8%
40 The Good Place
8%
77 The Jeffersons
8%
13 Veep
8%
68 Fawlty Towers
7%
5 Fleabag
7%
72 Good Times
7%
33 Monty Pythons Flying Circus
7%
95 Squid Game
7%
14 The Americans
7%
89 The Carol Burnett Show
7%
90 The Wonder Years
7%
42 Battlestar Galactica
6%
27 Deadwood
6%
28 Friday Night Lights
6%
67 NYPD Blue
6%
86 The Bob Newhart Show
6%
84 Fargo
5%
65 Girls
5%
38 Hill Street Blues
5%
52 Barry
4%
24 Freaks and Geeks
4%
29 Roots
4%
9 Atlanta
3%
45 Columbo
3%
17 The Leftovers
3%
92 The Muppet Show
3%
97 The Odd Couple
3%
48 The Shield
3%
76 Justified
2%
59 Key & Peele
2%
93 The Rockford Files
2%
23 Watchmen
2%
100 What We Do in the Shadows
2%
83 I'm Alan Partridge
1%
19 I May Destroy You
1%
44 Late Night with David Letterman
1%
79 Mr. Show with Bob and David
1%
47 My So Called Life
1%
94 News Radio
1%
82 Party Down
1%
57 Russian Doll
1%
70 SCTV
1%
66 The Daily Show with Jon Stewart
1%
87 The Kids in the Hall
1%
15 The Larry Sanders Show
1%
91 The Tonight Show Starring Johnny Carson
1%
71 Better Things
0%
69 Chappelles Show
0%
55 Halt and Catch Fire
0%
43 Insecure
0%
50 Jeapordy
0%
98 The Good Fitght
0%
61 The Underground Railroad
0%
No matching quizzes found
Score Distribution
Percent of People with Each Score
Percentile by Number Answered
Your Score History
You have not taken this quiz